Fray Luis de León (Record no. 182504)

MARC details
000 -LEADER
campo de control de longitud fija 01121nam a2200277 i 4500
001 - NÚMERO DE CONTROL
campo de control 182504
003 - IDENTIFICADOR DE NÚMERO DE CONTROL
campo de control ES-MaACL
005 - FECHA Y HORA DE LA ÚLTIMA TRANSACCIÓN
campo de control 20250511114244.0
008 - DATOS DE LONGITUD FIJA--INFORMACIÓN GENERAL
campo de control de longitud fija 130910s1981 sp |||| | spa d
020 ## - NÚMERO INTERNACIONAL ESTÁNDAR DEL LIBRO
Número Internacional Estándar del Libro 84-7481-139-2
080 ## - NÚMERO DE LA CLASIFICACIÓN DECIMAL UNIVERSAL
Número de la Clasificación Decimal Universal 821.134.2 León, Luis de .06(063)
111 2# - ENTRADA PRINCIPAL--NOMBRE DE CONGRESO/REUNIÓN
Nombre de congreso/reunión o jurisdicción como elemento de entrada Academia Literaria Renacentista (
Número del congreso/reunión o número de parte o sección 1ª.
Fecha del congreso o de la firma del tratado 1979.
Sede del congreso/Lugar de la reunión Salamanca)
9 (RLIN) 153372
245 10 - MENCIÓN DEL TÍTULO
Título Fray Luis de León
Resto del título : [Actas de la I. Academia: Salamanca 10-12 de diciembre 1979] /
Mención de responsabilidad, etc. edición dirigida por Víctor García de la Concha.
260 ## - PUBLICACIÓN, DISTRIBUCIÓN, ETC.
Lugar de publicación, distribución, etc. Salamanca :
Nombre del editor, distribuidor, etc. Universidad,
Fecha de publicación, distribución, etc. 1981.
300 ## - DESCRIPCIÓN FÍSICA
Extensión 272 p. ;
Dimensiones 24 cm.
490 1# - MENCIÓN DE SERIE
Mención de serie Cursos extraordinarios ;
Designación de volumen o secuencia 3
500 ## - NOTA GENERAL
Nota general Precede al tít.: Academia Literaria Renacentista.
500 ## - NOTA GENERAL
Nota general Indice.
600 14 - PUNTO DE ACCESO ADICIONAL DE MATERIA--NOMBRE DE PERSONA
Nombre de persona León, Luis de,
Fechas asociadas al nombre 1527-1591
9 (RLIN) 71583
700 1# - ENTRADA AGREGADA--NOMBRE PERSONAL
Nombre de persona García de la Concha, Víctor,
Fechas asociadas al nombre 1934-
9 (RLIN) 54440
830 0# - PUNTO DE ACCESO ADICIONAL DE SERIE-TÍTULO UNIFORME
Título uniforme Cursos extraordinarios ;
Designación de volumen o secuencia 3
9 (RLIN) 224839
852 ## - LOCALIZACIÓN
Ubicación ES-MaACL
Número de control de estantería A-12888
itemnumber 189416
Sublocalización o colección R.149780
Ubicación en estantería Depósito 1
Signatura antigua Olim: N-5888
Encuadernación Donación: Real Academia Española
914 ## - NOMBRE ENTIDAD DE DONANTE
RLIN 6336
Nombre de congreso/reunión o jurisdicción como elemento de entrada Real Academia Española
Unidad subordinada Donante
942 ## - ELEMENTOS DE ENTRADA SECUNDARIOS (KOHA)
Fuente del sistema de clasificación o colocación Clasificación decimal universal
Tipo de ítem Koha Libro impreso
Holdings
Estatus retirado Estado de pérdida Fuente del sistema de clasificación o colocación Estado de daño No para préstamo Biblioteca de origen Biblioteca actual Ubicación en estantería Fecha de adquisición Fuente de adquisición Total de préstamos Signatura topográfica completa Código de barras Visto por última vez Precio de reemplazo Tipo de ítem Koha
    Clasificación decimal universal     Biblioteca del Ateneo de Madrid Biblioteca del Ateneo de Madrid Depósito 1 10/09/2013 Donación   A-12888 1191793 23/02/2023 23/02/2023 Libro impreso